000 00544nam a2200205Ia 4500
003 OSt
005 20230505144215.0
008 210423s2004 xx 000 0 und d
020 _a1405127260
040 _cAL
041 _aeng
082 _a615.7 YANK
100 _aYANG (Katherine Y);others.
_998833
245 _aBlueprints pharmacology: notes and cases.
260 _aUSA
_bBlackwell Publications
_c2004
300 _axvii,187
_bPB
365 _b425
_cINR
906 _aBlueprints ; cases. ; notes ; pharmacology:
942 _2ddc
_cBK
999 _c163373
_d163373